00323nam a2200133Ia 4500008004100000041000800041082001400049100002000063245002400083260003600107300002900143365001100172440000600183240624s9999 xx 000 0 und d aeng a428.2 FOL aFOLEY BARBARA H aENGLISH IN ACTION 3 c2003aAustraliabThomson/Heinle ax, : 262 : p. : cm. ; 28 cRSb10 v2